Discurso leído por el presidente Excmo. Sr. D. Antonio Cánovas del Castillo en la sesión inaugural del curso de 1892 a 93 celebrada el 28 de noviembre de 1892. (Record no. 152961)
[ view plain ]
| 000 -LEADER | |
|---|---|
| campo de control de longitud fija | 01277nam a2200241 i 4500 |
| 001 - NÚMERO DE CONTROL | |
| campo de control | 152961 |
| 003 - IDENTIFICADOR DE NÚMERO DE CONTROL | |
| campo de control | ES-MaACL |
| 005 - FECHA Y HORA DE LA ÚLTIMA TRANSACCIÓN | |
| campo de control | 20260127062550.0 |
| 008 - DATOS DE LONGITUD FIJA--INFORMACIÓN GENERAL | |
| campo de control de longitud fija | 931025s1892 sp |||| | spa d |
| 100 1# - ENTRADA PRINCIPAL--NOMBRE DE PERSONA | |
| Nombre de persona | Cánovas del Castillo, Antonio, |
| Fechas asociadas al nombre | 1828-1897 |
| 9 (RLIN) | 34600 |
| 245 10 - MENCIÓN DEL TÍTULO | |
| Título | Discurso leído por el presidente Excmo. Sr. D. Antonio Cánovas del Castillo en la sesión inaugural del curso de 1892 a 93 celebrada el 28 de noviembre de 1892. |
| 260 ## - PUBLICACIÓN, DISTRIBUCIÓN, ETC. | |
| Lugar de publicación, distribución, etc. | Madrid : |
| Nombre del editor, distribuidor, etc. | [s.n.], |
| Fecha de publicación, distribución, etc. | 1892 ( |
| Fabricante | Tip. de Manuel Ginés Hernández) |
| 300 ## - DESCRIPCIÓN FÍSICA | |
| Extensión | 32 p. ; |
| Dimensiones | 25 cm. |
| 530 ## - NOTA DISPONIBLE DE FORMULARIO FÍSICO ADICIONAL | |
| Nota de formato físico adicional disponible | Disponible en formato digital. |
| 594 ## - Nota al título y mención de responsabilidad | |
| Nota al título y mención de responsabilidad | Precede al tít.: Real Academia de Jurisprudencia y Legislación. |
| 594 ## - Nota al título y mención de responsabilidad | |
| Nota al título y mención de responsabilidad | Tema: Delitos cometidos por medio de la palabra. |
| 650 #4 - PUNTO DE ACCESO ADICIONAL DE MATERIA--TÉRMINO DE MATERIA | |
| Término de materia o nombre geográfico como elemento de entrada | Delitos. |
| 9 (RLIN) | 166054 |
| 700 ## - ENTRADA AGREGADA--NOMBRE PERSONAL | |
| Nombre de persona | Real Academia de Jurisprudencia y Legislación de España |
| 9 (RLIN) | 217612 |
| 852 ## - LOCALIZACIÓN | |
| Ubicación | ES-MaACL |
| Número de control de estantería | T-689-F-7 |
| Nota libre | - Enc. hol., conservando cub. original |
| -- | - Enc. en un vol. facticio |
| 856 ## - LOCALIZACIÓN Y ACCESO ELECTRÓNICOS | |
| Identificador Uniforme de Recursos | <a href="http://bvrajyl.rajyl.es/i18n/consulta/registro.cmd?id=9686 ">http://bvrajyl.rajyl.es/i18n/consulta/registro.cmd?id=9686 </a> |
| Nota pública | Biblioteca Virtual de la Real Academia de Jurisprudencia y Legislación |
| 856 ## - LOCALIZACIÓN Y ACCESO ELECTRÓNICOS | |
| Identificador Uniforme de Recursos | <a href="http://www.bibliotecavirtualdeandalucia.es/catalogo/es/consulta/registro.do?id=8295">http://www.bibliotecavirtualdeandalucia.es/catalogo/es/consulta/registro.do?id=8295</a> |
| Nota pública | Biblioteca Virtual de Andalucía |
| Estatus retirado | Estado de pérdida | Estado de daño | No para préstamo | Colección | Biblioteca de origen | Biblioteca actual | Ubicación en estantería | Fecha de adquisición | Total de préstamos | Signatura topográfica completa | Código de barras | Visto por última vez | Precio de reemplazo | Tipo de ítem Koha |
|---|---|---|---|---|---|---|---|---|---|---|---|---|---|---|
| Colección de folletos | Biblioteca del Ateneo de Madrid | Biblioteca del Ateneo de Madrid | Depósito folletos | 17/01/2008 | T-689-F-7 | 1159783 | 23/02/2023 | 23/02/2023 | Folleto |
